00886nam a2200229 a 450000100100000000500170001000800410002704000250006808200250009310000230011824000250014124500280016625000130019426000360020759000750024365000250031865000280034365000360037191000370040795201950044499900170063900003508420200930074107.0111025s1973 mx 000 0 spa d aDO-SdBNPbspacBNPHU a823.912bH913a, 19731 aHull, E. M.96074210aThe sheiklespañol13aEl arabe /cE. M. Hull. a2ª. ed. aMéxico, D.F. :bEpoca,c1973. aPerteneció a la biblioteca personal de Juan Isidro Jimenes Grullón 4aNovela inglesa91071 4aLiteratura inglesa9498 4aOriente en la literatura960743 aValidado. Control de calidad MFF 001050718MOaGRbGRcHDd2011-10-25iLF1l0o823.912 H913a, 1973p35084-10r2020-06-25w2020-06-25y1zPerteneció a la biblioteca personal de Juan Isidro Jimenes GrullónZNo se presta c34575d34575